000 00253nam a22001217a 4500
003 SGT
082 _a510,AGG
100 _aAGGARWAL R.S.
245 _a QUANTITATIVE APTITUDE
260 _bS. CHAD COPMPANY
_c2006
300 _a700
942 _2ddc
_cGF BOOKS
999 _c34407
_d34407